Statistics for C Vocabulary Words Quiz #2

Click here to take the quiz!

General Stats

  • This quiz has been taken 26,399 times
    (26,390 since last reset)
  • The average score is 13 of 22

Answer Stats

Definition Word % Correct
Unit of soldiers on horsebackCavalry
90%
Pertaining to dogsCanine
90%
Student at a military academyCadet
82%
Squid, as foodCalamari
81%
Pilot's compartmentCockpit
80%
Person who makes and repairs shoesCobbler
73%
Russian monarchCzar
72%
Christian holy warCrusade
72%
A deep red colorCrimson
71%
Constricting body-control garmentCorset
66%
To make into a saintCanonize
58%
Motor vehicle frameChassis
56%
Type of delicate, high altitude cloudCirrus
53%
Type of cup also known as a gobletChalice
49%
Sound made by a doveCoo
47%
Diameter of a firearm's boreCaliber
46%
Commander of 99 Roman soldiersCenturion
45%
Communist style of addressComrade
42%
Part of the brain that controls higher functionsCerebrum
41%
Person who steers a rowing vesselCoxswain
41%
Pile of stones that marks a trailCairn
22%
Water storage tankCistern
21%

Score Distribution

Percentile by Number Answered

Percent of People with Each Score

Your Score History

You have not taken this quiz since the last reset